Deskriptivní geometrie II
Enregistré dans:
| Auteurs principaux: | , , |
|---|---|
| Format: | Livre |
| Langue: | tchèque |
| Publié: |
Praha :
SNTL,
1979
|
| Tags: |
Pas de tags, Soyez le premier à ajouter un tag!
|
MARC
| LEADER | 00000nam a22000003a 4500 | ||
|---|---|---|---|
| 001 | stu207731 | ||
| 005 | 20150617230101.1 | ||
| 008 | 100719s1979----cs------------------cze-d | ||
| 040 | |a STU |b slo | ||
| 041 | 0 | |a cze | |
| 044 | |a cs | ||
| 080 | |a 515/075/ | ||
| 100 | 1 | |a Drábek, K. |4 aut | |
| 245 | 1 | |a Deskriptivní geometrie II | |
| 260 | |a Praha : |b SNTL, |c 1979 | ||
| 300 | |a 282 s | ||
| 700 | 1 | |a Harant, F. |4 aut | |
| 700 | 1 | |a Setzer, O. |4 aut | |
| 996 | |b 284V034804 |c V*16135/O-5706 |l VVS |s A |a 24 |w stu207731_0001 | ||